| 000 | 01282nam0a2200337 i 4500 | ||
|---|---|---|---|
| 001 | RU\NLR\BIBL_A\010355295 | ||
| 005 | 20240921170159.0 | ||
| 010 |
_a9785802115510 _9100 |
||
| 021 |
_aRU _b2014-17873 _91123 |
||
| 035 | _a(NILC)LIBNET\0000346142 | ||
| 035 | _a(NLR Aleph) 010355295 | ||
| 090 |
_a10760828 _c10760828 |
||
| 100 | _a20140512d2012 m y0rusy50 ca | ||
| 101 | 0 |
_afin _arus |
|
| 102 | _aRU | ||
| 105 | _ay|||j|||000yy | ||
| 200 | 1 |
_aOpi elämää suomeksi _e[учебное пособие] _fM. Pekshijeva _gVenäjän Federaation Opetusmin., Petroskoin valtionyliop. |
|
| 210 |
_aPetroskoi _cИзд-во ПетрГУ _d2012 |
||
| 215 |
_a91 с. _d20 |
||
| 300 | _aВ вып. дан. авт. также на рус. яз.: Пекшиева Марина Владимировна | ||
| 320 | _aБиблиогр.: с. 91 | ||
| 606 | 1 |
_aФинский язык _xУчебные издания для историков _92185661 _3RU\NLR\AUTH\6601550338 |
|
| 686 |
_a81.661.1я73 _vLBC/M _2rubbk |
||
| 686 | 1 | _aШ166.11-93рус329.2 | |
| 700 | 1 |
_6z45790 _aPekšieva _bM. V. _gMarina Vladimirovna |
|
| 790 | 1 |
_6z45700 _aPekshijeva _bM. |
|
| 801 | 0 |
_aRU _bНБР Карелия _c20130524 _grcr |
|
| 942 | _cBOOK | ||
| 980 | _aNBR | ||